Normal view MARC view

Entry Personal Name

Number of records used in: 1

001 - CONTROL NUMBER

  • control field: 9812

003 - CONTROL NUMBER IDENTIFIER

  • control field: DLC

005 - DATE AND TIME OF LATEST TRANSACTION

  • control field: 20231102160528.0

008 - FIXED-LENGTH DATA ELEMENTS

  • fixed length control field: 870224n| azannaabn |a aaa

010 ## - LIBRARY OF CONGRESS CONTROL NUMBER

  • LC control number: n 85211947

035 ## - SYSTEM CONTROL NUMBER

  • System control number: (OCoLC)oca01795034

040 ## - CATALOGING SOURCE

  • Original cataloging agency: DLC
  • Language of cataloging: eng
  • Transcribing agency: DLC
  • Modifying agency: DLC
  • Description conventions: rda
  • Modifying agency: P

046 ## - SPECIAL CODED DATES

  • Birth date: 1926
  • Death date: 2017-01-05
  • Source of date scheme: edtf

100 1# - HEADING--PERSONAL NAME

  • Personal name: Weeramantry, C. G.

370 ## - ASSOCIATED PLACE

  • Associated country: Sri Lanka
  • Associated country: Australia
  • Associated country: Netherlands
  • Place of residence/headquarters: Melbourne (Vic.)
  • Other associated place: Hague (Netherlands)
  • Source of term: naf

373 ## - ASSOCIATED GROUP

  • Associated group: Monash University
  • Source of term: naf
  • Start period: 1972

373 ## - ASSOCIATED GROUP

  • Associated group: International Court of Justice
  • Source of term: naf
  • Start period: 1990

373 ## - ASSOCIATED GROUP

  • Associated group: Ceylon. Supreme Court
  • Source of term: naf
  • Start period: 1967

374 ## - OCCUPATION

  • Occupation: Judges
  • Occupation: Lawyers
  • Occupation: Law teachers
  • Source of term: lcsh

375 ## - GENDER

  • Gender: male

377 ## - ASSOCIATED LANGUAGE

  • Language code: eng

378 ## - FULLER FORM OF PERSONAL NAME

  • Fuller form of personal name: Christopher Gregory

400 1# - SEE FROM TRACING--PERSONAL NAME

  • Personal name: Weeramantry, Christopher Gregory

400 1# - SEE FROM TRACING--PERSONAL NAME

  • Personal name: Vīramantri, Krisṭafpar Gregari

670 ## - SOURCE DATA FOUND

  • Source citation: His Law, the threatened peripheries, 1984:
  • Information found: t.p. (C.G. Weeramantry) p. 4 of cover (prof., Sri Lankan jurist who has been practitioner, judge, and legal educator)

670 ## - SOURCE DATA FOUND

  • Source citation: New Delhi MARC file, 1/21/87
  • Information found: (hdg.: Weeramantry, C. G.) New Delhi manual auth. cd. (Christopher Gregory Weeramantry; Krisṭafpar Gregari Vīramantri; b. 1926)

670 ## - SOURCE DATA FOUND

  • Source citation: Sydney morning herald WWW site, viewed Mar. 15, 2017
  • Information found: (Christopher Weeramantry 1926-2017; Melbourne was a second home for Judge Christopher Gregory Weeramantry fom 1972 until his death on January 5 at the age of 90; his strong and influential association with Australia, initially as Sir Hayden Starke Professor of Law at Monash University, is reflected in his appointment as an Honorary Member of the Order of Australia in 2003; the pinnacle of his career was his nine years as a judge of the International Court of Justice, first as a member, then deputy president and for a time acting president; called to the bench as a Judge of the Supreme Court of Ceylon in 1967; several of his major works were published during his years at Monash, before he was appointed to the International Court of Justice and left for The Hague in 1990)

Powered by Koha